| 000 | 01919nam0a2200337 4500 | ||
|---|---|---|---|
| 001 | RU\NLR\BIBL_A\011428351 | ||
| 005 | 20260408182858.0 | ||
| 010 |
_a9785738922282 _9100 |
||
| 021 |
_aRU _b2017-43682 _93169 |
||
| 035 | _a(RuMoRGB)008912135 | ||
| 035 | _a(NLR Aleph) 011428351 | ||
| 090 |
_a11639792 _c11639792 |
||
| 100 | _a20170629d2017 u y0rusy50 ca | ||
| 101 | 0 | _arus | |
| 102 | _aRU | ||
| 105 | _aa zzjz||000zy | ||
| 200 | 1 |
_aОсновы региональной статистики _eучебное пособие _e[для экономических специальностей] _fН. А. Бондаренко, М. С. Сюпова _gМинистерство образования и науки Российской Федерации, Федеральное государственное бюджетное образовательное учреждение высшего образования "Тихоокеанский государственный университет" |
|
| 210 |
_aХабаровск _cИзд-во ТОГУ _d2017 |
||
| 215 |
_a169 с. _cил., табл. _d21 |
||
| 320 | _aБиблиогр.: с. 168-169 (14 назв.) и в подстроч. примеч. | ||
| 606 | 1 |
_aСтатистический учет _jУчебные издания для высших учебных заведений _yРоссийская Федерация _92448942 _3RU\NLR\AUTH\661456218 |
|
| 606 |
_aРегиональная экономика _xСтатистические методы исследования _3RU\NLR\AUTH\66997908 _91590870 |
||
| 686 |
_aС61,0 _2rubbk |
||
| 686 | 1 | _aУ051.9(2)я73 | |
| 686 | 1 | _aУ04(2Р)в64я73 | |
| 700 | 1 |
_aБондаренко _bН. А. _gНаталья Алексеевна |
|
| 701 | 1 |
_aСюпова _bМ. С. _gМарина Сергеевна |
|
| 942 | _cBOOK | ||
| 980 | _aNBR | ||